[Event "?"]
[Site "?"]
[Date "????.??.??"]
[Round "?"]
[White "Vager, B."]
[Black "Wheeler, J."]
[Result "1-0"]
[WhiteElo "2175"]
[BlackElo "2187"]
[Annotator "084"]
[PlyCount "91"]
[EventDate "2006.02.24"]

1. d4 Nf6 2. Nf3 g6 3. Bf4 Bg7 4. e3 d6 5. h3 O-O 6. Be2 Nbd7 7. O-O c6 8. c3
Qc7 9. Nbd2 e5 10. dxe5 dxe5 11. Bh2 Rd8 12. Qc2 a5 13. a4 b6 14. Rfd1 Ba6 15.
Bxa6 Rxa6 16. Nc4 Nd5 17. e4 Nf4 18. Bxf4 exf4 19. Qd2 Raa8 20. Qd6 Qxd6 21.
Rxd6 Nc5 22. Rxc6 Nxe4 23. Rxb6 Bf8 24. Rb5 Bc5 25. Rf1 Rdb8 26. Nfd2 Rxb5 27.
Nxe4 f5 28. Nf6+ Kf7 29. axb5 Kxf6 30. Ra1 Rb8 31. Rxa5 Ke6 32. Kf1 Kd5 33. b3
Re8 34. b6 Kc6 35. b7 Rb8 36. b4 Bf8 37. Ra7 Kc7 38. Na5 Bg7 39. Ra6 Re8 40.
Rc6+ Kb8 41. Rc5 Bf8 42. Rc6 Bg7 43. f3 Be5 44. Ra6 Kc7 45. Ra8 Rb8 46. Rxb8
1-0

[Event "?"]
[Site "?"]
[Date "????.??.??"]
[Round "?"]
[White "Böhnisch, M."]
[Black "Tchetchelnitski"]
[Result "1/2-1/2"]
[WhiteElo "2372"]
[BlackElo "2204"]
[Annotator "091"]
[PlyCount "91"]

1. e4 e6 2. Nf3 d5 3. exd5 exd5 4. d4 Nf6 5. Bg5 Be7 6. Bd3 Bg4 7. Nbd2 O-O 8.
O-O c5 9. dxc5 Bxc5 10. c3 Nc6 11. Qb3 Qd7 12. Qc2 Qd6 13. Bxf6 Qxf6 14. Bxh7+
Kh8 15. Bd3 Bb6 16. Qa4 Be6 17. Rae1 Rad8 18. Re2 g6 19. Rfe1 Kg7 20. a3 Rh8
21. Nf1 Bc8 22. Ng3 Na5 23. Re5 Bd7 24. Qc2 Bg4 25. Nd4 Nc4 26. Bxc4 dxc4 27.
Qe4 Bc8 28. Nf3 Rd2 29. Re2 Rxe2 30. Qxe2 Bg4 31. Re4 Bxf3 32. Qxf3 Qxf3 33.
gxf3 Rd8 34. Nf1 Rc8 35. Nd2 f5 36. Rxc4 Re8 37. Kf1 Rh8 38. Kg2 Re8 39. Kf1
Rh8 40. h4 Rd8 41. Ke2 Re8+ 42. Kd1 Re7 43. f4 Bxf2 44. Nf3 Kh6 45. Rc8 Be3 46.
Rc4 1/2-1/2

[Event "?"]
[Site "?"]
[Date "????.??.??"]
[Round "?"]
[White "Boehlig, H."]
[Black "Korn, J."]
[Result "1-0"]
[WhiteElo "2238"]
[BlackElo "2096"]
[Annotator "093"]
[PlyCount "60"]
[EventDate "2006.02.24"]

1. Nf3 c5 2. c4 g6 3. g3 Bg7 4. Bg2 Nc6 5. Nc3 d6 6. O-O a6 7. Rb1 Rb8 8. a3 b5
9. cxb5 axb5 10. b4 Bf5 11. Nh4 Bd7 12. bxc5 dxc5 13. Rxb5 Na5 14. Rxb8 Qxb8
15. Ne4 Nb3 16. d3 Nf6 17. Bf4 e5 18. Bxe5 Qxe5 19. Qxb3 O-O 20. Rb1 Re8 21.
Nf3 Qh5 22. Nfg5 Rf8 23. Bf3 Bg4 24. Nxf7 Rxf7 25. Nd6 g5 26. Bd5 Nxd5 27. Qxd5
Bd4 28. e3 Bf3 29. Qxf7+ Qxf7 30. Nxf7 Bg7 1-0

[Event "?"]
[Site "?"]
[Date "????.??.??"]
[Round "?"]
[White "Schmidt, G."]
[Black "Biebinger, G."]
[Result "1/2-1/2"]
[WhiteElo "2238"]
[BlackElo "2315"]
[Annotator "101"]
[PlyCount "23"]

1. d4 d5 2. Nf3 Nf6 3. c4 dxc4 4. Qa4+ c6 5. Qxc4 Bf5 6. Nbd2 e6 7. e3 Nbd7 8.
Bd3 Bxd3 9. Qxd3 Be7 10. O-O c5 11. b3 cxd4 12. Nxd4 1/2-1/2

[Event "?"]
[Site "?"]
[Date "????.??.??"]
[Round "?"]
[White "Villing, D."]
[Black "Lenk, W."]
[Result "0-1"]
[WhiteElo "2261"]
[BlackElo "2232"]
[Annotator "102"]
[PlyCount "104"]

1. e4 d6 2. d4 Nf6 3. Nc3 g6 4. f4 Bg7 5. e5 dxe5 6. dxe5 Qxd1+ 7. Kxd1 Ng4 8.
Ke1 c6 9. h3 Nh6 10. Be3 O-O 11. Nf3 Nd7 12. Bc4 b5 13. Bb3 Nb6 14. Bc5 Re8 15.
a4 Nd7 16. Bf2 b4 17. Ne4 Kh8 18. a5 f6 19. e6 Nf8 20. Nc5 Nf5 21. g4 Nd6 22.
Nd4 f5 23. Nxc6 Bxb2 24. Ra2 Bc3+ 25. Ke2 Nb7 26. Rd1 Nxc5 27. Bxc5 Nxe6 28.
Bxb4 Bxb4 29. Nxb4 Nxf4+ 30. Ke3 Nxh3 31. Bd5 Rb8 32. Nc6 Rb7 33. gxf5 gxf5 34.
Ne5 Rc7 35. c4 e6 36. Bf3 f4+ 37. Ke2 Ba6 38. Rc2 Rc5 39. Nf7+ Kg7 40. Nd6 Rb8
41. Kf1 Rb3 42. Rg2+ Rg5 43. Rxg5+ Nxg5 44. Bc6 Ra3 45. Bb5 Rxa5 46. Ne8+ Kf8
47. Nc7 Bxb5 48. Nxb5 Ke7 49. Rd4 Ra1+ 50. Kf2 Ra2+ 51. Kf1 f3 52. Rg4 Nh3 0-1

[Event "?"]
[Site "?"]
[Date "????.??.??"]
[Round "?"]
[White "Petzold, H."]
[Black "Eis, H."]
[Result "1/2-1/2"]
[WhiteElo "2151"]
[BlackElo "2145"]
[Annotator "103"]
[PlyCount "23"]

1. e4 g6 2. d4 Bg7 3. Nc3 c6 4. Be3 d5 5. Nf3 dxe4 6. Nxe4 Nd7 7. Bc4 Ngf6 8.
Nxf6+ Nxf6 9. Qd2 Ne4 10. Qe2 Nd6 11. Bd3 O-O 12. O-O 1/2-1/2

[Event "?"]
[Site "?"]
[Date "????.??.??"]
[Round "?"]
[White "Jansson, B."]
[Black "Meier, W."]
[Result "1-0"]
[WhiteElo "2349"]
[BlackElo "2190"]
[Annotator "111"]
[PlyCount "71"]

1. e4 c5 2. Nf3 d6 3. d4 cxd4 4. Nxd4 Nf6 5. Nc3 a6 6. Be3 Ng4 7. Bg5 h6 8. Bc1
Nc6 9. Nxc6 bxc6 10. Bc4 e5 11. Qe2 Be7 12. O-O O-O 13. Kh1 Nf6 14. f4 exf4 15.
Bxf4 Qa5 16. Rae1 Be6 17. Bxe6 fxe6 18. Qc4 Rf7 19. Qxe6 Raf8 20. e5 dxe5 21.
Bxe5 Kh8 22. h3 Bb4 23. a3 Bxc3 24. Bxc3 Qd5 25. Rf5 Qd8 26. Ref1 c5 27. Kg1 a5
28. Qc6 Rc7 29. Rxf6 Rxf6 30. Bxf6 gxf6 31. Qxf6+ Qxf6 32. Rxf6 Kg7 33. Ra6 Rb7
34. Rxa5 Rxb2 35. Rxc5 Ra2 36. Rc3 1-0

[Event "?"]
[Site "?"]
[Date "????.??.??"]
[Round "?"]
[White "Eskandary, J."]
[Black "Kinnmark"]
[Result "1/2-1/2"]
[WhiteElo "2159"]
[BlackElo "2328"]
[Annotator "112"]
[PlyCount "31"]

1. e4 e5 2. Nc3 Nc6 3. Bc4 Nf6 4. d3 Na5 5. Nge2 Nxc4 6. dxc4 Bc5 7. O-O d6 8.
Qd3 Be6 9. a3 a5 10. b3 h6 11. Bd2 g5 12. Ng3 Nd7 13. Nd5 h5 14. Ne3 Qf6 15.
Nd5 Qd8 16. Ne3 1/2-1/2

[Event "?"]
[Site "?"]
[Date "????.??.??"]
[Round "?"]
[White "Malmdin, N-A."]
[Black "Schwier, M."]
[Result "1-0"]
[WhiteElo "2245"]
[BlackElo "2131"]
[Annotator "113"]
[PlyCount "43"]

1. e4 e5 2. Nf3 Nc6 3. Nc3 Nf6 4. a3 d6 5. d4 Nxd4 6. Nxd4 exd4 7. Qxd4 Be7 8.
f3 O-O 9. Be3 Be6 10. O-O-O a6 11. g4 Nd7 12. Nd5 Ne5 13. Be2 Bxd5 14. Qxd5 Qc8
15. f4 Nxg4 16. Bd4 c6 17. Qh5 Nf6 18. Qg5 Qd8 19. Rhg1 Ne8 20. Qh6 f6 21. Bh5
Kh8 22. Rxg7 1-0

[Event "?"]
[Site "?"]
[Date "????.??.??"]
[Round "?"]
[White "Goldberg, V."]
[Black "Halleroed, R."]
[Result "1/2-1/2"]
[WhiteElo "2054"]
[BlackElo "2171"]
[Annotator "114"]
[PlyCount "27"]

1. e4 c6 2. d4 d5 3. e5 Bf5 4. h4 h5 5. Bd3 Bxd3 6. Qxd3 e6 7. Bg5 Be7 8. Nf3
Qc7 9. Nbd2 c5 10. c3 Nc6 11. O-O Bxg5 12. Nxg5 Nh6 13. Ndf3 c4 14. Qc2 1/2-1/2

[Event "?"]
[Site "?"]
[Date "????.??.??"]
[Round "?"]
[White "Harzer, P."]
[Black "Jentsch, D."]
[Result "1/2-1/2"]
[WhiteElo "2125"]
[BlackElo "2196"]
[Annotator "133"]
[PlyCount "48"]

1. d4 d5 2. e3 Nf6 3. Nf3 c5 4. c3 Nc6 5. Nbd2 e6 6. Bd3 cxd4 7. exd4 Bd6 8.
O-O O-O 9. Re1 Re8 10. Ne5 Qc7 11. Ndf3 h6 12. Qe2 b6 13. Nxc6 Qxc6 14. Bb5 Qc7
15. Bxe8 Nxe8 16. h3 Nf6 17. Be3 a5 18. Rac1 Ba6 19. Qc2 Rc8 20. Nd2 Qd7 21.
Nf1 Ne4 22. f3 Nf6 23. Qd2 Qc7 24. Qc2 Nh5 1/2-1/2

[Event "?"]
[Site "?"]
[Date "????.??.??"]
[Round "?"]
[White "Durst, U."]
[Black "Koksch, G."]
[Result "1-0"]
[WhiteElo "2130"]
[BlackElo "2142"]
[Annotator "134"]
[PlyCount "57"]

1. f4 d5 2. b3 Qd6 3. d4 Bg4 4. Qd3 Nc6 5. c3 g6 6. Qg3 Nf6 7. Nf3 Bxf3 8. Qxf3
Bh6 9. e3 g5 10. fxg5 Bxg5 11. Bd3 h5 12. Bf5 e6 13. Ba3 Qd7 14. Bd3 Ng4 15. e4
dxe4 16. Bxe4 f5 17. Bd3 Bh4+ 18. g3 Bg5 19. Nd2 Ne3 20. Nc4 Nxc4 21. Bxc4
O-O-O 22. O-O h4 23. Rae1 Rh6 24. g4 Rg8 25. Kh1 Bd2 26. gxf5 Bxe1 27. Rxe1 Nd8
28. f6 b5 29. Qa8# 1-0

[Event "?"]
[Site "?"]
[Date "????.??.??"]
[Round "?"]
[White "Liebert, H."]
[Black "Krieger, H."]
[Result "1/2-1/2"]
[WhiteElo "2265"]
[BlackElo "2218"]
[Annotator "141"]
[PlyCount "24"]

1. Nf3 f5 2. d4 Nf6 3. g3 g6 4. Bg2 Bg7 5. O-O O-O 6. c4 d6 7. Nc3 Qe8 8. d5 a5
9. Nd4 Na6 10. e4 fxe4 11. Nxe4 Nxe4 12. Bxe4 Bh3 1/2-1/2

[Event "?"]
[Site "?"]
[Date "????.??.??"]
[Round "?"]
[White "Kelchner, H."]
[Black "Hamm, G."]
[Result "0-1"]
[WhiteElo "2137"]
[BlackElo "2166"]
[Annotator "142"]
[PlyCount "70"]

1. d4 Nf6 2. Nf3 g6 3. c4 c5 4. Nc3 Bg7 5. e4 cxd4 6. Nxd4 d6 7. Be2 O-O 8. Be3
Nc6 9. O-O Nxd4 10. Bxd4 Be6 11. b3 Ne8 12. Rc1 Bxd4 13. Qxd4 Nf6 14. h3 Nd7
15. Rcd1 Qa5 16. Qd2 Qc5 17. Kh1 a6 18. f4 f6 19. Bf3 Rab8 20. Ne2 Rfd8 21. Nd4
Bf7 22. Bg4 Nf8 23. Nc2 b5 24. cxb5 axb5 25. Ne3 h5 26. Be2 Rdc8 27. Rc1 Qb6
28. Nd5 Qb7 29. b4 Kg7 30. Bf3 Qd7 31. Rxc8 Qxc8 32. Nxe7 Qc4 33. Rf2 Ra8 34.
e5 Rxa2 35. Qxa2 Qc1+ 0-1

[Event "?"]
[Site "?"]
[Date "????.??.??"]
[Round "?"]
[White "Just, J."]
[Black "Bold, K."]
[Result "1/2-1/2"]
[WhiteElo "2146"]
[BlackElo "2155"]
[Annotator "143"]
[PlyCount "50"]

1. d4 d5 2. Nf3 Nf6 3. Bg5 Nbd7 4. e3 e6 5. Nbd2 c6 6. c3 Qc7 7. Bd3 Bd6 8. O-O
h6 9. Bxf6 Nxf6 10. e4 dxe4 11. Nxe4 Nxe4 12. Bxe4 Bd7 13. Re1 O-O-O 14. a4 g5
15. Bd3 f6 16. g3 h5 17. Nd2 h4 18. Ne4 hxg3 19. Nxd6+ Qxd6 20. fxg3 c5 21. Be4
Bc6 22. Qf3 cxd4 23. Bxc6 bxc6 24. Qxf6 dxc3 25. Qxc3 Qd4+ 1/2-1/2

[Event "?"]
[Site "?"]
[Date "????.??.??"]
[Round "?"]
[White "Samuelsson, S G."]
[Black "Rost van Tonniningen, O."]
[Result "1/2-1/2"]
[WhiteElo "2141"]
[BlackElo "2146"]
[Annotator "151"]
[PlyCount "43"]

1. d4 d5 2. Nf3 Nf6 3. Bf4 c5 4. e3 Qb6 5. Qc1 Bf5 6. dxc5 Qxc5 7. Nd4 Bd7 8.
Nd2 Nc6 9. N2b3 Qb6 10. Nxc6 Bxc6 11. Nd4 Rc8 12. Be2 e6 13. O-O Be7 14. c3 O-O
15. Qc2 Rfd8 16. a4 a5 17. Qb3 Qxb3 18. Nxb3 b6 19. Nd4 Bd6 20. Nxc6 Rxc6 21.
Bb5 Rc7 22. Bg5 1/2-1/2

[Event "?"]
[Site "?"]
[Date "????.??.??"]
[Round "?"]
[White "Soederberg, B."]
[Black "Kool, G."]
[Result "1/2-1/2"]
[WhiteElo "2147"]
[BlackElo "2126"]
[Annotator "152"]
[PlyCount "120"]

1. e4 e6 2. d4 d5 3. Nd2 dxe4 4. Nxe4 Nd7 5. Nf3 Ngf6 6. Bd3 Nxe4 7. Bxe4 Nf6
8. Bd3 c5 9. O-O cxd4 10. Nxd4 Be7 11. c3 O-O 12. Bg5 Qd5 13. Nf3 Rd8 14. Bc2
Qb5 15. Qb1 h6 16. Bh4 b6 17. Nd4 Qc5 18. Bxf6 Bxf6 19. Be4 Ba6 20. Bxa8 Bxf1
21. Qxf1 Rxa8 22. Nb3 Qc6 23. Rd1 Qa4 24. Ra1 Rd8 25. Qe2 Rd5 26. g3 h5 27. h4
g6 28. Qc2 Qg4 29. Re1 Bxh4 30. Re4 Qd1+ 31. Qxd1 Rxd1+ 32. Kg2 Bf6 33. Rc4 Rb1
34. Rc7 a5 35. Nd2 Rxb2 36. Ne4 Be5 37. Rb7 Rxa2 38. Rxb6 Ra3 39. Rc6 a4 40. f4
Bg7 41. Rc8+ Bf8 42. Nf6+ Kg7 43. Ne8+ Kh6 44. Rc7 Bg7 45. Nd6 Rxc3 46. Nxf7+
Kh7 47. Ng5+ Kg8 48. Ra7 Rc2+ 49. Kh3 Bb2 50. Rxa4 e5 51. Ra8+ Kg7 52. Ra7+ Kf8
53. Ra2 Re2 54. fxe5 Rxe5 55. Nf3 Rb5 56. Ra7 Bf6 57. Ra6 Kf7 58. Ra7+ Ke6 59.
Ra4 g5 60. Rd4 Bxd4 1/2-1/2

[Event "?"]
[Site "?"]
[Date "????.??.??"]
[Round "?"]
[White "Oud, N."]
[Black "Nordstroem, F."]
[Result "1-0"]
[WhiteElo "2085"]
[BlackElo "2198"]
[Annotator "153"]
[PlyCount "65"]
[EventDate "2006.02.24"]

1. d4 Nf6 2. c4 e6 3. Nc3 d5 4. Nf3 Be7 5. Bg5 O-O 6. e3 Nbd7 7. Rc1 c6 8. Bd3
dxc4 9. Bxc4 Nd5 10. Bxe7 Qxe7 11. O-O Nxc3 12. Rxc3 e5 13. dxe5 Nxe5 14. Nxe5
Qxe5 15. f4 Qe4 16. Qe2 Bf5 17. g4 Be6 18. Bd3 Qb4 19. a3 Qe7 20. f5 Bd7 21. e4
Rfe8 22. Bc2 f6 23. Rh3 h6 24. Re3 b5 25. g5 fxg5 26. e5 Rf8 27. f6 gxf6 28.
exf6 Qd6 29. Re7 Qd4+ 30. Kh1 Bg4 31. Rg7+ Kh8 32. Rh7+ Kg8 33. Qe7 1-0

[Event "?"]
[Site "?"]
[Date "????.??.??"]
[Round "?"]
[White "Svensson, L."]
[Black "Monte, P."]
[Result "1-0"]
[WhiteElo "2165"]
[BlackElo "2117"]
[Annotator "154"]
[PlyCount "97"]

1. Nc3 e6 2. d4 Bb4 3. e4 d5 4. a3 Bxc3+ 5. bxc3 dxe4 6. f3 b6 7. Nh3 Bb7 8.
fxe4 Bxe4 9. Ng5 Qd5 10. c4 Qf5 11. Bd3 Bxd3 12. cxd3 Nf6 13. Nf3 Nbd7 14. O-O
Qh5 15. Rb1 O-O 16. Rb5 c5 17. dxc5 a6 18. Rb4 bxc5 19. Rb7 Rfd8 20. Bf4 e5 21.
Bg3 Ne8 22. Nxe5 Qxd1 23. Rxd1 Nxe5 24. Bxe5 f6 25. Bg3 Nd6 26. Bxd6 Rxd6 27.
Re1 Kh8 28. Ree7 Rg8 29. Red7 Re6 30. Re7 Rd6 31. Rbd7 Rb6 32. Rc7 Rb3 33. Red7
Rxa3 34. Rxc5 h6 35. Rcd5 Kh7 36. Rd8 Rxd8 37. Rxd8 a5 38. Kf2 Kg6 39. Rd7 a4
40. g4 Ra1 41. Ra7 a3 42. Ke3 a2 43. Kd4 Rg1 44. Rxa2 Rxg4+ 45. Kd5 f5 46. c5
Kf6 47. c6 Ke7 48. Ra8 Rg6 49. c7 1-0

[Event "?"]
[Site "?"]
[Date "????.??.??"]
[Round "?"]
[White "Perk, E."]
[Black "Eyer, K."]
[Result "1/2-1/2"]
[WhiteElo "2057"]
[BlackElo "2032"]
[Annotator "172"]
[PlyCount "168"]

1. c4 Nf6 2. Nc3 c6 3. e4 d6 4. d4 g6 5. Be2 Bg7 6. Bg5 Qa5 7. Qd2 Nbd7 8. Nf3
a6 9. O-O O-O 10. Bh6 b5 11. Bxg7 Kxg7 12. a3 bxc4 13. Bxc4 Nb6 14. Be2 c5 15.
b4 cxb4 16. axb4 Qh5 17. Ra5 Qh6 18. Ng5 Bb7 19. f4 Rac8 20. Rf3 Kg8 21. Rh3
Qg7 22. e5 dxe5 23. dxe5 Nh5 24. g4 Nc4 25. Bxc4 Rxc4 26. gxh5 Rfc8 27. Rc5
Rxb4 28. Rxc8+ Bxc8 29. Rg3 h6 30. Nxf7 Kxf7 31. Rxg6 Qf8 32. e6+ Ke8 33. Qg2
Bxe6 34. Qa8+ Kf7 35. Qxf8+ Kxf8 36. Rxe6 Rxf4 37. Rxa6 Kg7 38. Re6 Rg4+ 39.
Kf2 Rh4 40. Rxe7+ Kf8 41. Kg3 Rxh5 42. Re4 Kf7 43. h4 Rc5 44. Ne2 Kf6 45. Kg4
h5+ 46. Kf3 Ra5 47. Nf4 Ra3+ 48. Re3 Ra5 49. Rd3 Rb5 50. Rd5 Rb3+ 51. Nd3 Ra3
52. Ke3 Kg6 53. Rb5 Kh6 54. Rb6+ Kg7 55. Ke4 Ra1 56. Rb5 Ra4+ 57. Rb4 Ra8 58.
Kf5 Ra5+ 59. Ne5 Kh6 60. Rb6+ Kh7 61. Re6 Ra1 62. Kg5 Rg1+ 63. Kxh5 Re1 64. Kg5
Kg7 65. h5 Kh7 66. Re7+ Kg8 67. h6 Rg1+ 68. Ng4 Kh8 69. Re4 Kh7 70. Kf5 Rf1+
71. Ke6 Rf3 72. Ke7 Rf1 73. Re5 Rf4 74. Rg5 Re4+ 75. Kf6 Ra4 76. Rg7+ Kh8 77.
Ne5 Ra6+ 78. Kg5 Ra5 79. Re7 Kg8 80. Kf6 Ra6+ 81. Re6 Ra1 82. Re8+ Kh7 83. Ng4
Rf1+ 84. Kg5 Rf5+ 1/2-1/2

[Event "?"]
[Site "?"]
[Date "????.??.??"]
[Round "?"]
[White "Ehlert, J."]
[Black "Grabitz, G."]
[Result "1/2-1/2"]
[WhiteElo "2029"]
[BlackElo "2065"]
[Annotator "173"]
[PlyCount "42"]

1. e4 c5 2. Nf3 a6 3. d4 cxd4 4. Nxd4 Nf6 5. Bd3 Nc6 6. Nxc6 bxc6 7. O-O d6 8.
h3 g6 9. Qe2 Bg7 10. Be3 O-O 11. c3 Rb8 12. Na3 e5 13. Rab1 Be6 14. Nc2 a5 15.
b3 a4 16. Nb4 Qd7 17. bxa4 c5 18. Bb5 Rxb5 19. axb5 cxb4 20. Rxb4 d5 21. f3 Qb7
1/2-1/2

[Event "?"]
[Site "?"]
[Date "????.??.??"]
[Round "?"]
[White "Hentzschel, E."]
[Black "Kalmutzki, M."]
[Result "1/2-1/2"]
[WhiteElo "1954"]
[BlackElo "1990"]
[Annotator "174"]
[PlyCount "39"]

1. e4 c5 2. f4 e6 3. Nf3 d5 4. Bb5+ Bd7 5. Bxd7+ Nxd7 6. exd5 exd5 7. O-O Be7
8. Re1 Qc7 9. Nc3 Ndf6 10. d3 a6 11. Ne5 Kf8 12. Qf3 d4 13. Ne4 Nxe4 14. Qxe4
Nf6 15. Qe2 Bd6 16. Bd2 g6 17. Qf3 Kg7 18. Nc4 b6 19. Nxd6 Qxd6 20. f5 1/2-1/2

[Event "?"]
[Site "?"]
[Date "????.??.??"]
[Round "?"]
[White "Schwertel, J."]
[Black "Mueller, S."]
[Result "1-0"]
[WhiteElo "2039"]
[BlackElo "2055"]
[Annotator "182"]
[PlyCount "173"]

1. d4 b6 2. Nf3 Bb7 3. Bf4 e6 4. e3 Nf6 5. Bd3 d5 6. O-O Bd6 7. Bg5 h6 8. Bh4
Nbd7 9. Nbd2 c5 10. c3 Qc7 11. Bg3 Ne4 12. Bxd6 Qxd6 13. Bb5 O-O 14. Bd3 Rac8
15. Qe2 f5 16. Bb5 Ndf6 17. Ne5 Nxd2 18. Qxd2 a6 19. Bd3 Ne4 20. Qe2 c4 21. Bc2
Kh7 22. f3 Ng5 23. Rae1 Nf7 24. Nxf7 Rxf7 25. e4 fxe4 26. fxe4 Rxf1+ 27. Rxf1
dxe4 28. Rf7 Rc7 29. Bxe4+ Bxe4 30. Qxe4+ Kh8 31. Rxc7 Qxc7 32. Qxe6 Qf4 33.
Qe1 Qf5 34. Qd1 Qe4 35. Qc1 b5 36. b3 Qd3 37. bxc4 bxc4 38. h3 Qe2 39. a3 a5
40. Kh2 Qd3 41. a4 Qe2 42. Qb1 Qd2 43. Qb8+ Kh7 44. Qg3 Qd1 45. Qf3 Qxa4 46. d5
Qb5 47. Qe4+ Kh8 48. d6 a4 49. Qe7 a3 50. h4 a2 51. d7 Qb8+ 52. g3 a1=Q 53.
Qe8+ Qxe8 54. dxe8=Q+ Kh7 55. Qe4+ Kh8 56. Qxc4 Qb2+ 57. Kh3 Qb1 58. Kg2 Kh7
59. Qe2 Qb7+ 60. Qf3 Qb2+ 61. Kh3 Qc1 62. h5 Qd2 63. c4 Qc1 64. Qd3+ Kh8 65.
Qe2 Qc3 66. Qe8+ Kh7 67. Qe4+ Kh8 68. Qd5 Qc1 69. c5 Qf1+ 70. Kh4 Qf6+ 71. Kg4
Qf2 72. c6 Qe2+ 73. Qf3 Qe6+ 74. Kh4 Qc4+ 75. Kh3 Qc1 76. g4 Qc5 77. Qe4 Qc3+
78. Kh4 Qf6+ 79. Kg3 Qc3+ 80. Kf2 Qc5+ 81. Ke2 Qc1 82. Kd3 Qb1+ 83. Kd4 Qd1+
84. Kc5 Qc1+ 85. Kd6 Qa3+ 86. Kd7 Qc5 87. c7 1-0

[Event "?"]
[Site "?"]
[Date "????.??.??"]
[Round "?"]
[White "Jaeger, E."]
[Black "Zanger, K."]
[Result "1-0"]
[WhiteElo "2070"]
[BlackElo "1785"]
[Annotator "184"]
[PlyCount "133"]

1. d4 d5 2. c4 e6 3. Nc3 Nf6 4. Bg5 Be7 5. e3 c6 6. Qc2 h6 7. Bh4 Nbd7 8. cxd5
Nxd5 9. Bxe7 Qxe7 10. a3 O-O 11. Bd3 c5 12. Nxd5 exd5 13. dxc5 Nxc5 14. Be2 Be6
15. Nf3 Rac8 16. Qd1 Qf6 17. Nd4 a6 18. O-O b5 19. Qd2 Ne4 20. Qa5 Ra8 21. Rac1
Qd8 22. Qxd8 Rfxd8 23. Rc7 Rdc8 24. Rfc1 Nd6 25. R1c6 Rxc7 26. Rxc7 Nc4 27.
Bxc4 bxc4 28. Kf1 Bg4 29. f3 Bh5 30. Kf2 Bg6 31. g4 f6 32. h4 Bf7 33. e4 Be8
34. Ke3 Rb8 35. Nf5 Bf7 36. Nd6 Be8 37. Ra7 Kf8 38. Rxa6 Ke7 39. Nf5+ Kf8 40.
Ra7 Bf7 41. Nd6 Be8 42. Kd4 g6 43. Kc5 Kg8 44. Rb7 Rd8 45. Re7 Bd7 46. Nb5 Rc8+
47. Kb4 Bxb5 48. Kxb5 c3 49. bxc3 Rxc3 50. a4 Rxf3 51. a5 f5 52. exf5 gxf5 53.
gxf5 Rxf5 54. Kb6 Rf4 55. a6 Rxh4 56. a7 Ra4 57. Re8+ Kg7 58. a8=Q Rxa8 59.
Rxa8 Kg6 60. Kc5 Kf5 61. Rh8 Kg5 62. Kd4 h5 63. Ke3 Kg4 64. Rg8+ Kh3 65. Kf2
Kh4 66. Rh8 Kg5 67. Kg3 1-0

[Event "?"]
[Site "?"]
[Date "????.??.??"]
[Round "?"]
[White "Scholes, J."]
[Black "Strand, K."]
[Result "1-0"]
[WhiteElo "2150"]
[BlackElo "2062"]
[Annotator "202"]
[PlyCount "111"]
[EventDate "2006.02.24"]

1. c4 e6 2. Nc3 d5 3. d4 Nf6 4. Nf3 c6 5. e3 Bd6 6. Ne5 Nbd7 7. f4 Bb4 8. Bd3
dxc4 9. Nxc4 Nd5 10. Bd2 O-O 11. e4 N5b6 12. a3 Be7 13. Be3 Nxc4 14. Bxc4 c5
15. d5 Nb6 16. Be2 exd5 17. exd5 Re8 18. O-O Bd6 19. Qd2 Bd7 20. g3 Rc8 21. b3
a6 22. Rfe1 Qc7 23. Bf3 f5 24. Rac1 Na8 25. Nd1 b5 26. b4 c4 27. Qf2 Re7 28.
Bd4 Rce8 29. Ne3 Nb6 30. Nc2 Nc8 31. Bh5 Rxe1+ 32. Rxe1 Rxe1+ 33. Qxe1 Qd8 34.
Bf3 Kf8 35. Kg2 Qe7 36. Qc3 Bc7 37. Be5 Bb6 38. Nd4 Bxd4 39. Qxd4 Be8 40. Qc5
Qxc5 41. bxc5 a5 42. Bc3 a4 43. Kf2 g6 44. Ke3 Ke7 45. Kd4 Kf6 46. c6 Ke7 47.
Ke5 Na7 48. Bd4 Nc8 49. Bc5+ Kd8 50. Bb4 Na7 51. Kd6 c3 52. Bxc3 b4 53. Bxb4
Nb5+ 54. Ke5 Kc8 55. Be2 Na7 56. Kd6 1-0

[Event "?"]
[Site "?"]
[Date "????.??.??"]
[Round "?"]
[White "Haug, K."]
[Black "Edwards, R."]
[Result "0-1"]
[WhiteElo "1993"]
[BlackElo "2093"]
[Annotator "203"]
[PlyCount "86"]

1. c4 e5 2. Nc3 d6 3. d3 g6 4. e4 Bg7 5. Be2 Ne7 6. Nf3 O-O 7. O-O Nbc6 8. Bd2
h6 9. Qc1 Kh7 10. Nd5 Be6 11. h3 f5 12. exf5 Nxf5 13. Ne3 Ncd4 14. Bd1 Qd7 15.
Nxd4 Nxd4 16. Ng4 g5 17. f3 Rf7 18. Nf2 Raf8 19. Kh2 c6 20. Ne4 Bf6 21. Nxf6+
Rxf6 22. Be3 c5 23. Bxd4 cxd4 24. Be2 Rf4 25. Qe1 Qg7 26. Qb4 Qd7 27. c5 d5 28.
Rac1 Bxh3 29. Rh1 Be6 30. Kg1 R8f7 31. Qa5 a6 32. c6 Qc7 33. Qa4 Bd7 34. cxd7
Qxc1+ 35. Bd1 Qc7 36. g3 R4f6 37. f4 exf4 38. Bg4 fxg3 39. Qd1 Rxd7 40. Bxd7
Qxd7 41. Qe2 Qf5 42. Kg2 Qf2+ 43. Qxf2 gxf2 0-1

[Event "?"]
[Site "?"]
[Date "????.??.??"]
[Round "?"]
[White "Singleton, M."]
[Black "Kverndal, L."]
[Result "1-0"]
[WhiteElo "2157"]
[BlackElo "1956"]
[Annotator "204"]
[PlyCount "29"]

1. d4 Nf6 2. c4 e5 3. dxe5 Ng4 4. Nf3 Bc5 5. e3 Qe7 6. Nc3 c6 7. Ne4 Nxe5 8.
Nxc5 Qxc5 9. Bd2 d6 10. Nd4 Na6 11. Nb3 Bg4 12. Nxc5 Bxd1 13. Nxa6 bxa6 14.
Rxd1 O-O 15. Bc3 1-0

[Event "?"]
[Site "?"]
[Date "????.??.??"]
[Round "?"]
[White "Wilson, P."]
[Black "Appelt, G."]
[Result "1/2-1/2"]
[WhiteElo "2070"]
[BlackElo "2054"]
[Annotator "211"]
[PlyCount "74"]
[EventDate "2006.02.24"]

1. e4 e5 2. f4 Qf6 3. Nf3 Qxf4 4. Nc3 Bb4 5. d3 Qf6 6. Bd2 Bxc3 7. Bxc3 Nc6 8.
Be2 Qe7 9. Qd2 f6 10. O-O-O Nh6 11. Rdf1 Nf7 12. Rf2 d6 13. h3 Be6 14. Kb1
O-O-O 15. Ka1 d5 16. exd5 Bxd5 17. Qe3 Nd6 18. Qc5 Nf5 19. Qxe7 Nfxe7 20. Re1
Rhe8 21. Nd2 Be6 22. Bf3 Nd4 23. Nb3 Nxb3+ 24. axb3 Bd5 25. Bd1 c5 26. b4 cxb4
27. Bxb4 Nc6 28. Bc3 Be6 29. Bf3 Nd4 30. Be4 Bg8 31. Bf5+ Kc7 32. Bg4 Rd6 33.
Kb1 Be6 34. Bf3 Red8 35. Be4 g6 36. b3 Bf5 37. Bxd4 Bxe4 1/2-1/2

[Event "?"]
[Site "?"]
[Date "????.??.??"]
[Round "?"]
[White "Scholze, R."]
[Black "Smith, D."]
[Result "1-0"]
[WhiteElo "2050"]
[BlackElo "2009"]
[Annotator "212"]
[PlyCount "81"]

1. e4 Nf6 2. Nc3 d6 3. d4 g6 4. Nf3 Bg7 5. Bg5 c6 6. Qd2 h6 7. Bf4 b5 8. a3 a6
9. h3 Nh5 10. Bh2 Nf6 11. Be2 O-O 12. Rd1 Bb7 13. O-O Nbd7 14. Qc1 Qc8 15. Rfe1
Re8 16. e5 dxe5 17. dxe5 Nd5 18. Ne4 Nf8 19. Nc5 Ne6 20. Nxb7 Qxb7 21. c4 Nb6
22. Nd4 Nxd4 23. Rxd4 Nd7 24. cxb5 cxb5 25. Bf3 Qa7 26. Qd2 Nc5 27. Bxa8 Nb3
28. Rd7 Qxa8 29. Qc3 Qc8 30. Rc7 Qd8 31. Rc6 Nd4 32. Rxa6 Qd7 33. Kf1 Rc8 34.
Qd3 Qb7 35. Ra5 Qb6 36. b4 Rc2 37. Bg1 Bxe5 38. Rxe5 Rc1+ 39. Re1 Rxe1+ 40.
Kxe1 Qe6+ 41. Kf1 1-0

[Event "?"]
[Site "?"]
[Date "????.??.??"]
[Round "?"]
[White "Pemberton, C."]
[Black "Thum, F."]
[Result "0-1"]
[WhiteElo "1942"]
[BlackElo "1929"]
[Annotator "213"]
[PlyCount "80"]

1. e4 c5 2. d4 Nf6 3. Nf3 g6 4. Bc4 cxd4 5. c3 Nh5 6. Bd3 Bg7 7. cxd4 d6 8. Bd2
Nf6 9. Qa4+ Nc6 10. d5 Bd7 11. dxc6 bxc6 12. Qc2 Rb8 13. Nc3 O-O 14. O-O e5 15.
Be3 Rb7 16. Ba6 Rc7 17. Qd2 Be6 18. Rad1 Rd7 19. Bg5 Qa5 20. Qe2 h6 21. Bd2 Qb6
22. Be3 Qc7 23. h3 d5 24. Bc5 dxe4 25. Nxe4 Rfd8 26. Rxd7 Rxd7 27. Bc4 Bxc4 28.
Qxc4 Nxe4 29. Qxe4 f5 30. Qc4+ Kh7 31. Rc1 e4 32. Nd4 Qe5 33. Ne6 Qxb2 34. Nf8+
Bxf8 35. Bxf8 Rd2 36. Qf7+ Kh8 37. Rxc6 Qa1+ 38. Kh2 Qe5+ 39. g3 Rxf2+ 40. Kg1
Qxg3+ 0-1

[Event "?"]
[Site "?"]
[Date "????.??.??"]
[Round "?"]
[White "Gafke, M."]
[Black "Flockhard, H."]
[Result "1/2-1/2"]
[WhiteElo "1935"]
[BlackElo "1887"]
[Annotator "214"]
[PlyCount "98"]

1. d4 Nf6 2. Nf3 c5 3. c3 e6 4. Bf4 cxd4 5. Nxd4 a6 6. e3 Be7 7. Bd3 O-O 8. O-O
d5 9. Nd2 Nc6 10. N2f3 Nxd4 11. exd4 b5 12. a3 Bb7 13. Ne5 Ne4 14. f3 Nd6 15.
Qc2 h6 16. Qe2 Rc8 17. Bc2 Nc4 18. Rab1 Bg5 19. Bxg5 Qxg5 20. f4 Qe7 21. Rf3
Rc7 22. Qd3 g6 23. Nxg6 fxg6 24. Qxg6+ Qg7 25. Qxe6+ Kh8 26. Rg3 Re7 27. Rxg7
Rxe6 28. Rxb7 Re2 29. Bd3 Rd2 30. Bxc4 bxc4 31. Rf1 Re8 32. Kh1 Ree2 33. Rg1 h5
34. h3 h4 35. Rb6 Rxb2 36. Rxa6 Rbc2 37. Rd6 Rxc3 38. Rxd5 Rxa3 39. Rh5+ Kg7
40. Rc5 c3 41. Rc1 Re3 42. d5 Kf6 43. d6 Rd3 44. Rc6 Kf5 45. d7 Rxd7 46. R6xc3
Rxc3 47. Rxc3 Kxf4 48. Rc4+ Kg5 49. Rc5+ Kg6 1/2-1/2